000 00763cam a2200205 4500
082 _a671.52
_bTEN
_cL-24, P-14
110 2 _aAmerican Welding Society.
_936062
245 1 0 _aTentative standard qualification procedure;
_cprepared by Committee on Standard Qualification Procedure and Committee on Grouping of Materials for Procedure and Operator Qualification.
250 _a1941
260 _aNew York,
_cc1941.
_bAmerican Welding Society
300 _a39 p.
_billus.
_c26 cm.
500 _aCover-title.
526 _a0
_b0
_c0
_d671_520000000000000_TEN
650 0 _aMCE
_9379
650 0 _aWelding
_xStandards.
_945257
650 0 _aWelding.
_9189
710 2 _aAmerican Welding Society.
_936062
710 2 _aAmerican Welding Society.
_936062
942 _2ddc
_cBK
999 _c548826
_d548826